Una teoría nueva sobre el stress /
En este artículo el autor plantea un modelo de revisión y re-estructuración de la temática del 'stress' (tensión nerviosa), considerándolo como una alteración no-adaptativa del ordenamiento homeostático original. En el trabajo se apunta la posibilidad de integración real, en la interpretac...
Guardado en:
| Hovedforfatter: | |
|---|---|
| Format: | Texto |
| Fag: | |
| Tags: |
Tilføj Tag
Ingen Tags, Vær først til at tagge denne postø!
|
MARC
| LEADER | 00000 a a2200000 04500 | ||
|---|---|---|---|
| 001 | 14601 | ||
| 003 | |||
| 040 | |||
| 100 | |a Quirce Balma, Carlos Manuel | ||
| 245 | |a Una teoría nueva sobre el stress / |c Carlos Manuel Quirce Balma | ||
| 500 | |a También publicado en AVANCES DE INVESTIGACION - IIS, n. 6, UNIDI, MFN 713, N. acceso 02473.00 | ||
| 520 | |a En este artículo el autor plantea un modelo de revisión y re-estructuración de la temática del 'stress' (tensión nerviosa), considerándolo como una alteración no-adaptativa del ordenamiento homeostático original. En el trabajo se apunta la posibilidad de integración real, en la interpretación del 'stress', de la biología, la psicología y la sociología. VP/mb | ||
| 650 | |a MODELOS | ||
| 650 | |a TENSION PSICOLOGICA | ||
| 650 | |a BIOLOGIA | ||
| 650 | |a PSICOLOGIA | ||
| 650 | |a SOCIOLOGIA | ||
| 650 | |a PUB.IIS | ||
| 773 | |g número 12; páginas 147-167 | ||
| 999 | |c 31119 |d 31119 | ||
